[Event "Cheliabinsk EKRO Cup 11th"]
[Site "Cheliabinsk"]
[Date "2012.05.08"]
[Round "7"]
[White "Volozhanin, Boris"]
[Black "Ksenofontov, Nikolai"]
[Result "1-0"]
[WhiteElo "1871"]
[BlackElo "1658"]
[PlyCount "51"]
[EventDate "2012.05.02"]
[EventType "swiss"]
[EventRounds "9"]
[EventCountry "RUS"]
[SourceTitle "CBM 148 Extra"]
[Source "ChessBase"]
[SourceDate "2012.06.22"]
[SourceVersion "1"]
[SourceVersionDate "2012.06.22"]
[SourceQuality "1"]

1. e4 c5 2. f4 Nc6 3. Nf3 f5 4. exf5 Nh6 5. d4 cxd4 6. Nxd4 Nxd4 7. Qxd4 Nxf5 8. Qe4 e6 9. Nc3 Qh4+ 10. g3 Nxg3 11. hxg3 Qxg3+ 12. Kd1 Be7 13. Rxh7 Rxh7 14. Qxh7 Bf6 15. Ne4 Qg4+ 16. Be2 Qg1+ 17. Kd2 Qd4+ 18. Ke1 Qg1+ 19. Bf1 b6 20. Bd2 Ba6 21. c4 Bxb2 22. Qg8+ Ke7 23. Bb4+ d6 24. Bxd6+ Kd7 25. Qf7+ Kc6 26. Qc7# 1-0

[Event "Cheliabinsk EKRO Cup 11th"]
[Site "Cheliabinsk"]
[Date "2012.05.04"]
[Round "3"]
[White "Volozhanin, Boris"]
[Black "Khazhipov, Timur"]
[Result "0-1"]
[WhiteElo "1871"]
[BlackElo "2069"]
[PlyCount "84"]
[EventDate "2012.05.02"]
[EventType "swiss"]
[EventRounds "9"]
[EventCountry "RUS"]
[SourceTitle "CBM 148 Extra"]
[Source "ChessBase"]
[SourceDate "2012.06.22"]
[SourceVersion "1"]
[SourceVersionDate "2012.06.22"]
[SourceQuality "1"]

1. f4 d5 2. Nf3 Nf6 3. e3 h6 4. c4 c6 5. Nc3 Bf5 6. b3 e6 7. Bb2 c5 8. cxd5 exd5 9. Ne5 a6 10. d4 Nc6 11. Be2 cxd4 12. exd4 Qb6 13. Nxc6 bxc6 14. 0-0 Bd6 15. Na4 Qc7 16. g3 0-0 17. Rc1 Rfe8 18. Bf3 Re3 19. Nc5 Rae8 20. Rc3 Qe7 21. Qc1 Rxc3 22. Qxc3 Bh3 23. Bg2 Bxg2 24. Kxg2 Ng4 25. Kh3 h5 26. Qc2 Ne3 27. Qe2 Bxc5 28. dxc5 Qd7+ 29. f5 Nxf5 30. Qxh5 Ne3+ 31. g4 Nxf1 32. Qg5 f6 33. Bxf6 Qf7 34. Be5 Qe7 35. Qxe7 Rxe7 36. Bd6 Re2 37. a4 d4 38. b4 d3 39. b5 axb5 40. a5 Ra2 41. Bf4 g5 42. Bxg5 Rxh2# 0-1

[Event "Cheliabinsk Region-ch"]
[Site "Cheliabinsk"]
[Date "2012.02.19"]
[Round "2"]
[White "Mikhailov, Vladimir1111"]
[Black "Volozhanin, Boris"]
[Result "0-1"]
[WhiteElo "1972"]
[BlackElo "1844"]
[PlyCount "53"]
[EventDate "2012.02.18"]
[EventType "swiss"]
[EventRounds "9"]
[EventCountry "RUS"]
[SourceTitle "EXT 2014"]
[Source "ChessBase"]
[SourceDate "2013.11.20"]
[SourceVersion "1"]
[SourceVersionDate "2013.11.20"]
[SourceQuality "1"]

1. e4 e5 2. Nf3 Nc6 3. Bc4 Nf6 4. d4 exd4 5. e5 d5 6. Bb5 Ne4 7. Nxd4 Bc5 8. Be3 0-0 9. Bxc6 bxc6 10. Nxc6 Qd7 11. Nd4 Ba6 12. f3 Bxd4 13. Qxd4 Qb5 14. c4 Qb4+ 15. Bd2 Nxd2 16. Nxd2 Bxc4 17. b3 c5 18. Qf4 Qc3 19. Kf2 Ba6 20. Rhc1 Qa5 21. Qe3 Rac8 22. a3 Qb6 23. Rab1 d4 24. Qf4 Bd3 25. Ra1 Rc6 26. Qg3 Rg6 27. Qf4 0-1

[Event "Cheliabinsk Spassky 75 op"]
[Site "Cheliabinsk"]
[Date "2012.02.07"]
[Round "6"]
[White "Volozhanin, Boris"]
[Black "Lukin, Vasily"]
[Result "0-1"]
[WhiteElo "1844"]
[BlackElo "1725"]
[PlyCount "82"]
[EventDate "2012.01.29"]
[EventType "swiss"]
[EventRounds "9"]
[EventCountry "RUS"]
[SourceTitle "EXT 2014"]
[Source "ChessBase"]
[SourceDate "2013.11.20"]
[SourceVersion "1"]
[SourceVersionDate "2013.11.20"]
[SourceQuality "1"]

1. f4 b6 2. c4 Nc6 3. d4 e6 4. e4 Bb4+ 5. Bd2 Bxd2+ 6. Qxd2 d5 7. cxd5 exd5 8. Bb5 Bb7 9. Nf3 Nge7 10. exd5 Qxd5 11. Nc3 Qd6 12. 0-0-0 0-0-0 13. Rhe1 Nd5 14. a3 Qxf4 15. Qxf4 Nxf4 16. d5 Nb8 17. Re5 Ng6 18. Rf5 f6 19. Bc4 Ne7 20. Rh5 g6 21. Rh3 Nf5 22. Nb5 a6 23. Na7+ Kd7 24. Nd2 Rde8 25. Bd3 Nd6 26. Nc4 Bxd5 27. Nxd6 cxd6 28. Nb5 axb5 29. Bxb5+ Bc6 30. Bc4 Re5 31. Kb1 d5 32. Bd3 f5 33. Rh4 Kd6 34. g4 Bd7 35. b3 Nc6 36. Kb2 Ne7 37. g5 Nc6 38. b4 Re3 39. Bb5 Ne5 40. Bxd7 Nxd7 41. Rhd4 Re5 0-1

[Event "Cheliabinsk Spassky 75 op"]
[Site "Cheliabinsk"]
[Date "2012.02.05"]
[Round "5"]
[White "Subbotin, Valery"]
[Black "Volozhanin, Boris"]
[Result "1-0"]
[WhiteElo "1964"]
[BlackElo "1844"]
[PlyCount "75"]
[EventDate "2012.01.29"]
[EventType "swiss"]
[EventRounds "9"]
[EventCountry "RUS"]
[SourceTitle "EXT 2014"]
[Source "ChessBase"]
[SourceDate "2013.11.20"]
[SourceVersion "1"]
[SourceVersionDate "2013.11.20"]
[SourceQuality "1"]

1. d4 Nf6 2. Nf3 g6 3. c4 c6 4. Nc3 d5 5. e3 Bg7 6. Be2 0-0 7. 0-0 Ne4 8. Qb3 e6 9. Nxe4 dxe4 10. Nd2 f5 11. f3 exf3 12. Nxf3 a5 13. a4 Kh8 14. Bd2 g5 15. Rad1 g4 16. Ne5 Bxe5 17. dxe5 Nd7 18. Bc3 Qg5 19. Rf4 Rg8 20. Qc2 Nc5 21. Bd4 b6 22. Bxc5 bxc5 23. Rd6 Rg6 24. g3 h5 25. e4 h4 26. exf5 hxg3 27. hxg3 Rh6 28. Qe4 Rh3 29. Rxg4 Rxg3+ 30. Kf2 Rxg4 31. Qxg4 Qxf5+ 32. Qxf5 exf5 33. Rxc6 Bd7 34. Rxc5 Bxa4 35. e6 Re8 36. Rxf5 Rxe6 37. Rxa5 Be8 38. b4 1-0

[Event "Cheliabinsk Region Club-ch fin"]
[Site "Cheliabinsk"]
[Date "2011.12.10"]
[Round "1"]
[White "Kholopov, Alexander A"]
[Black "Volozhanin, Boris"]
[Result "1-0"]
[WhiteElo "2329"]
[BlackElo "1837"]
[PlyCount "51"]
[EventDate "2011.12.10"]
[EventType "swiss"]
[EventRounds "9"]
[EventCountry "RUS"]
[SourceTitle "EXT 2022"]
[Source "ChessBase"]
[SourceDate "2021.10.06"]
[SourceVersion "1"]
[SourceVersionDate "2021.10.06"]
[SourceQuality "1"]

1. Nf3 d5 2. g3 c5 3. Bg2 Nc6 4. d4 cxd4 5. Nxd4 e5 6. Nxc6 bxc6 7. c4 Bb7 8. 0-0 Nf6 9. Qa4 Qd7 10. Bg5 Bc5 11. Nd2 a5 12. Rad1 d4 13. e3 0-0 14. Nb3 Ba7 15. exd4 Ng4 16. h3 Qf5 17. Be7 Nf6 18. Bxf8 Kxf8 19. Nxa5 Bxd4 20. Rxd4 exd4 21. Qb4+ c5 22. Qxb7 Rxa5 23. Qb8+ Ne8 24. Re1 Qd7 25. Qb6 Qc7 26. Rxe8+ 1-0

[Event "Cheliabinsk Region Club-ch fin"]
[Site "Cheliabinsk"]
[Date "2011.12.10"]
[Round "9"]
[White "Subbotin, Valery"]
[Black "Volozhanin, Boris"]
[Result "0-1"]
[WhiteElo "2002"]
[BlackElo "1837"]
[PlyCount "66"]
[EventDate "2011.12.10"]
[EventType "swiss"]
[EventRounds "9"]
[EventCountry "RUS"]
[SourceTitle "EXT 2022"]
[Source "ChessBase"]
[SourceDate "2021.10.06"]
[SourceVersion "1"]
[SourceVersionDate "2021.10.06"]
[SourceQuality "1"]

1. d4 Nf6 2. Nf3 g6 3. g3 Bg7 4. Bg2 0-0 5. c4 d5 6. cxd5 Nxd5 7. 0-0 c6 8. Nc3 Na6 9. e4 Nxc3 10. bxc3 Qa5 11. Bb2 Rd8 12. Qb3 Be6 13. Qc2 Bc4 14. Rfe1 e5 15. Nd2 Be6 16. Nb3 Qc7 17. Rad1 Bg4 18. Rc1 c5 19. d5 c4 20. Nd2 b5 21. a4 Bd7 22. axb5 Bxb5 23. Bf1 Bh6 24. Rb1 Rab8 25. Ba3 Re8 26. Rb2 Qa5 27. Bd6 Ba4 28. Rxb8 Nxb8 29. Qb2 Bxd2 30. Qxd2 Nd7 31. Ra1 Qb6 32. Bxe5 Nxe5 33. Rxa4 Nf3+ 0-1

[Event "Cheliabinsk Region Club-ch fin"]
[Site "Cheliabinsk"]
[Date "2011.12.10"]
[Round "2"]
[White "Volozhanin, Boris"]
[Black "Kniazkin, Viktor"]
[Result "1-0"]
[WhiteElo "1837"]
[BlackElo "1747"]
[PlyCount "73"]
[EventDate "2011.12.10"]
[EventType "swiss"]
[EventRounds "9"]
[EventCountry "RUS"]
[SourceTitle "EXT 2022"]
[Source "ChessBase"]
[SourceDate "2021.10.06"]
[SourceVersion "1"]
[SourceVersionDate "2021.10.06"]
[SourceQuality "1"]

1. f4 d5 2. Nf3 g6 3. e3 Bg7 4. d4 Nf6 5. c4 dxc4 6. Bxc4 e6 7. Nc3 Nbd7 8. 0-0 0-0 9. e4 Nb6 10. Bb3 c6 11. a4 a5 12. f5 exf5 13. Bg5 Qc7 14. e5 Nfd5 15. Qe1 Be6 16. Ba2 Nxc3 17. bxc3 c5 18. Qh4 Bxa2 19. Rxa2 Nd5 20. c4 Nb4 21. Rd2 cxd4 22. Rxd4 Nc6 23. Rd5 Nxe5 24. Nxe5 Bxe5 25. c5 Bg7 26. Rfd1 b6 27. Bd8 Raxd8 28. Rxd8 Qxc5+ 29. Kh1 Qe5 30. h3 Qe4 31. Qf2 Be5 32. Rxf8+ Kxf8 33. Qxb6 Qf4 34. Qg1 Qxa4 35. Qc5+ Kg8 36. Rd8+ Kg7 37. Qxe5+ 1-0

[Event "Cheliabinsk Region Club-ch sf"]
[Site "Cheliabinsk"]
[Date "2011.10.12"]
[Round "9"]
[White "Protasov, Valery"]
[Black "Volozhanin, Boris"]
[Result "0-1"]
[WhiteElo "1665"]
[BlackElo "1837"]
[PlyCount "114"]
[EventDate "2011.10.12"]
[EventType "swiss"]
[EventRounds "9"]
[EventCountry "RUS"]
[SourceTitle "EXT 2022"]
[Source "ChessBase"]
[SourceDate "2021.10.06"]
[SourceVersion "1"]
[SourceVersionDate "2021.10.06"]
[SourceQuality "1"]

1. c4 e5 2. Nc3 Nf6 3. e4 Bc5 4. Nf3 d6 5. Be2 Bg4 6. 0-0 Nc6 7. a3 a5 8. d3 0-0 9. Be3 Bxf3 10. Bxf3 Nd4 11. b4 axb4 12. axb4 Rxa1 13. Qxa1 Bxb4 14. Bxd4 exd4 15. Nd5 Nxd5 16. exd5 Bc3 17. Qb1 b6 18. Qb5 f5 19. g3 g5 20. Bg2 Qe7 21. Qb1 f4 22. Qd1 Kg7 23. Qh5 h6 24. Be4 Qf7 25. Qxf7+ Kxf7 26. g4 Rh8 27. Kg2 h5 28. h3 h4 29. Kf3 Ra8 30. Kg2 Ra2 31. Kf3 Rd2 32. Kg2 Ke7 33. Bf5 Kd8 34. Rb1 Rc2 35. Rf1 Rb2 36. Rd1 b5 37. cxb5 Rxb5 38. Be4 c6 39. dxc6 Kc7 40. Kf3 Rb2 41. Kg2 Rb5 42. Kf1 Re5 43. Rb1 d5 44. Bf5 Kxc6 45. Kg2 Re2 46. Kf1 Ra2 47. Bg6 f3 48. Be8+ Kd6 49. Bg6 Bd2 50. Bf5 Bf4 51. Bg6 Rd2 52. Bf5 Be3 53. fxe3 dxe3 54. Re1 Rf2+ 55. Kg1 Rg2+ 56. Kh1 e2 57. d4 f2 0-1

[Event "Cheliabinsk Region Club-ch sf"]
[Site "Cheliabinsk"]
[Date "2011.10.12"]
[Round "8"]
[White "Terentiev, Alexey"]
[Black "Volozhanin, Boris"]
[Result "1-0"]
[WhiteElo "1588"]
[BlackElo "1837"]
[PlyCount "49"]
[EventDate "2011.10.12"]
[EventType "swiss"]
[EventRounds "9"]
[EventCountry "RUS"]
[SourceTitle "EXT 2022"]
[Source "ChessBase"]
[SourceDate "2021.10.06"]
[SourceVersion "1"]
[SourceVersionDate "2021.10.06"]
[SourceQuality "1"]

1. e4 e5 2. Nf3 d5 3. Nxe5 dxe4 4. Bc4 Qg5 5. Bxf7+ Ke7 6. d4 Qxg2 7. Rf1 Nf6 8. Bf4 Nbd7 9. Bc4 Nb6 10. Bb3 Bh3 11. Nd2 Nbd5 12. Bg3 Re8 13. Bxd5 Nxd5 14. Qh5 g6 15. Nxg6+ hxg6 16. Qxh8 Kd8 17. 0-0-0 Bb4 18. Qh4+ Kc8 19. c3 Nxc3 20. bxc3 Bxc3 21. Nb3 Bf5 22. Rg1 Qf3 23. Qf4 Re7 24. Qxf3 exf3 25. Be5 1-0

[Event "Cheliabinsk-ch"]
[Site "Cheliabinsk"]
[Date "2011.03.03"]
[Round "6"]
[White "Tsiulin, Viktor"]
[Black "Volozhanin, Boris"]
[Result "1-0"]
[WhiteElo "2106"]
[BlackElo "1853"]
[PlyCount "66"]
[EventDate "2011.02.26"]
[EventType "swiss"]
[EventRounds "9"]
[EventCountry "RUS"]
[SourceTitle "CBM 141 Extra"]
[Source "ChessBase"]
[SourceDate "2011.05.03"]
[SourceVersion "1"]
[SourceVersionDate "2011.05.03"]
[SourceQuality "1"]

1. c4 e5 2. Nc3 Nf6 3. g3 d5 4. cxd5 Nxd5 5. Bg2 c6 6. Nf3 Bd6 7. e4 Nf6 8. d4 Nbd7 9. 0-0 0-0 10. h3 Qc7 11. Be3 exd4 12. Nxd4 Ne5 13. Ndb5 cxb5 14. Nxb5 Qc6 15. Nxd6 Rd8 16. Nxc8 Rxd1 17. Ne7+ Kf8 18. Nxc6 Rxf1+ 19. Kxf1 Nxc6 20. Ke2 Re8 21. f3 Re5 22. Rc1 Rb5 23. b3 a5 24. Rc5 Rb4 25. Rxa5 Nd7 26. Rd5 Ke8 27. Kd2 Ne7 28. Rg5 g6 29. Kc3 h6 30. Kxb4 hxg5 31. Bxg5 f6 32. Bf4 Nc6+ 33. Kb5 Ke7 1-0

[Event "Cheliabinsk Region Club-ch qf"]
[Site "Cheliabinsk"]
[Date "2011.01.25"]
[Round "5"]
[White "Volozhanin, Boris"]
[Black "Preobrazhensky, Anatoly"]
[Result "0-1"]
[WhiteElo "1853"]
[BlackElo "1765"]
[PlyCount "66"]
[EventDate "2011.01.21"]
[EventType "swiss"]
[EventRounds "9"]
[EventCountry "RUS"]
[SourceTitle "EXT 2022"]
[Source "ChessBase"]
[SourceDate "2021.10.06"]
[SourceVersion "1"]
[SourceVersionDate "2021.10.06"]
[SourceQuality "1"]

1. e4 e5 2. d4 exd4 3. c3 c6 4. cxd4 d6 5. Nc3 Be7 6. Bc4 Be6 7. Bxe6 fxe6 8. Qb3 Qd7 9. Nf3 Nf6 10. Ng5 d5 11. e5 Ng8 12. 0-0 Bxg5 13. Bxg5 h6 14. Bh4 Ne7 15. f4 0-0 16. Rad1 b6 17. Qa3 Nf5 18. Bf2 Qe8 19. Ne2 Nd7 20. g4 Ne7 21. Qd6 Ng6 22. Bg3 Rc8 23. f5 exf5 24. gxf5 Ne7 25. Qe6+ Kh8 26. Nf4 Rxf5 27. Ng6+ Qxg6 28. Qxe7 Rg5 29. Rf3 Qe4 30. Rf2 Qg4 31. Rd3 h5 32. Rf4 Qxf4 33. Qxd7 Rf8 0-1

[Event "Cheliabinsk Region Club-ch qf"]
[Site "Cheliabinsk"]
[Date "2011.01.23"]
[Round "3"]
[White "Volozhanin, Boris"]
[Black "Nelyubina, Nadezhda"]
[Result "0-1"]
[WhiteElo "1853"]
[BlackElo "1634"]
[PlyCount "58"]
[EventDate "2011.01.21"]
[EventType "swiss"]
[EventRounds "9"]
[EventCountry "RUS"]
[SourceTitle "EXT 2022"]
[Source "ChessBase"]
[SourceDate "2021.10.06"]
[SourceVersion "1"]
[SourceVersionDate "2021.10.06"]
[SourceQuality "1"]

1. e4 c5 2. c3 d5 3. exd5 Qxd5 4. d4 cxd4 5. cxd4 Nc6 6. Nf3 Nf6 7. Nc3 Qa5 8. d5 Nb4 9. Bb5+ Bd7 10. Bxd7+ Nxd7 11. 0-0 Nf6 12. d6 exd6 13. Re1+ Be7 14. Bf4 d5 15. Bd6 Nc6 16. b4 Qd8 17. Bxe7 Nxe7 18. Qa4+ Qd7 19. Nb5 0-0 20. Ne5 Qe8 21. Qa5 Nc6 22. Nxc6 Qxc6 23. Rac1 Qd7 24. Qc7 Qxb5 25. Qc3 Ne4 26. Qd4 Rac8 27. f3 Nf6 28. a3 Qb6 29. Qxb6 axb6 0-1

[Event "Cheliabinsk Postovalov Memorial 5th"]
[Site "Cheliabinsk"]
[Date "2011.01.06"]
[Round "2"]
[White "Presnyakov, Anatoly"]
[Black "Volozhanin, Boris"]
[Result "1-0"]
[WhiteElo "1507"]
[BlackElo "1853"]
[PlyCount "45"]
[EventDate "2011.01.06"]
[EventType "swiss"]
[EventRounds "9"]
[EventCountry "RUS"]
[SourceTitle "CBM 140 Extra"]
[Source "ChessBase"]
[SourceDate "2011.03.01"]
[SourceVersion "1"]
[SourceVersionDate "2011.03.01"]
[SourceQuality "1"]

1. b4 e5 2. Bb2 f6 3. b5 d5 4. e3 c5 5. a4 Be6 6. d3 Bd6 7. Be2 Ne7 8. Bf3 0-0 9. c4 Bc7 10. Nd2 f5 11. cxd5 Bxd5 12. Bxd5+ Nxd5 13. Ngf3 Nb4 14. Qb3+ Kh8 15. Ke2 Nd7 16. h4 Qe7 17. h5 e4 18. dxe4 fxe4 19. Nh4 Rf6 20. Ng6+ Rxg6 21. hxg6 Nf6 22. Rxh7+ Nxh7 23. Rh1 1-0

[Event "Cheliabinsk Region CC-ch sf"]
[Site "Cheliabinsk"]
[Date "2010.??.??"]
[Round "3"]
[White "Volozhanin, Boris"]
[Black "Krapivin, Viktor"]
[Result "0-1"]
[WhiteElo "1821"]
[BlackElo "1911"]
[PlyCount "50"]
[EventDate "2010.??.??"]
[EventType "swiss"]
[EventRounds "9"]
[EventCountry "RUS"]
[SourceTitle "EXT 2012"]
[Source "ChessBase"]
[SourceDate "2011.11.24"]
[SourceVersion "1"]
[SourceVersionDate "2011.11.24"]
[SourceQuality "1"]

1. f4 d5 2. e3 c5 3. Nf3 Nc6 4. Bb5 a6 5. Bxc6+ bxc6 6. 0-0 e6 7. b3 Be7 8. Bb2 Bf6 9. Ne5 Qd6 10. Nc3 Ne7 11. Na4 Ng6 12. d4 cxd4 13. exd4 Be7 14. c4 dxc4 15. bxc4 Qc7 16. c5 Nxe5 17. fxe5 0-0 18. Nb6 Rb8 19. Rb1 f6 20. Qc2 fxe5 21. Rxf8+ Bxf8 22. dxe5 Bxc5+ 23. Qxc5 Qxb6 24. Qxb6 Rxb6 25. Rd1 Rxb2 0-1

[Event "Cheliabinsk Region CC-ch sf"]
[Site "Cheliabinsk"]
[Date "2010.??.??"]
[Round "2"]
[White "Volozhanin, Boris"]
[Black "Matiushinsky, Vladimir"]
[Result "1-0"]
[WhiteElo "1821"]
[BlackElo "2005"]
[PlyCount "80"]
[EventDate "2010.??.??"]
[EventType "swiss"]
[EventRounds "9"]
[EventCountry "RUS"]
[SourceTitle "EXT 2012"]
[Source "ChessBase"]
[SourceDate "2011.11.24"]
[SourceVersion "1"]
[SourceVersionDate "2011.11.24"]
[SourceQuality "1"]

1. f4 e5 2. fxe5 Nc6 3. Nf3 d6 4. exd6 Bxd6 5. d4 Bg4 6. Bg5 Bb4+ 7. c3 Be7 8. Bf4 Bxf3 9. gxf3 Bh4+ 10. Bg3 Qg5 11. Kf2 0-0-0 12. Bh3+ f5 13. Qd2 Bxg3+ 14. hxg3 Qf6 15. Qf4 Nge7 16. Nd2 Rhf8 17. Ne4 Qg6 18. Nc5 Nd5 19. Qd2 b6 20. Nd3 Kb8 21. c4 Nf6 22. Nf4 Qg5 23. d5 Ne5 24. Qc3 Neg4+ 25. Kg2 Rfe8 26. Ne6 Ne3+ 27. Kh2 Rxe6 28. dxe6 f4 29. Rhg1 fxg3+ 30. Rxg3 Qf4 31. Rag1 h5 32. e7 Re8 33. Kh1 Rxe7 34. c5 Ned5 35. Qa3 a5 36. Qd3 bxc5 37. e4 h4 38. R3g2 c6 39. exd5 Nh5 40. Rg4 Qd6 1-0

[Event "Cheliabinsk Panchenko Memorial 1st"]
[Site "Cheliabinsk"]
[Date "2009.10.10"]
[Round "5"]
[White "Kogan, Alexander A"]
[Black "Volozhanin, Boris"]
[Result "1-0"]
[WhiteElo "2161"]
[BlackElo "1779"]
[PlyCount "41"]
[EventDate "2009.10.06"]
[EventType "swiss"]
[EventRounds "9"]
[EventCountry "RUS"]
[SourceTitle "EXT 2010"]
[Source "ChessBase"]
[SourceDate "2010.11.25"]
[SourceVersion "1"]
[SourceVersionDate "2010.11.25"]
[SourceQuality "1"]

1. e4 e5 2. Nf3 Nc6 3. Bb5 Nd4 4. Nxd4 exd4 5. 0-0 c6 6. Bc4 Nf6 7. e5 d5 8. exf6 dxc4 9. Re1+ Be6 10. d3 Qxf6 11. dxc4 0-0-0 12. Qd3 Bd6 13. Nd2 Rhe8 14. Ne4 Bxh2+ 15. Kxh2 Qh4+ 16. Kg1 Bf5 17. Bg5 Qg4 18. Nd6+ Rxd6 19. Rxe8+ Kc7 20. Qd2 Bd7 21. Qa5+ 1-0